Yellow River City Map Quiz 黄河沿岸城市 - Statistics

General Stats
  • This quiz has been taken 781 times
  • The average score is 8 of 12
Answers on the Map
Answers color-coded by a green-red scale on the quiz's map according to % correct below.
 
Answer Stats
Answer % Correct
Lanzhou 兰州
82%
Binzhou 滨州
78%
Kaifeng 开封
78%
Sanmenxia 三门峡
78%
Jinan 济南
77%
Baotou 包头
76%
Yinchuan 银川
72%
Zhengzhou 郑州
69%
Bayan Nur 巴彦淖尔
62%
Wuhai 乌海
62%
Wuzhong 吴忠
56%
Zhongwei 中卫
51%
No matching quizzes found
Score Distribution
Percent of People with Each Score
Percentile by Number Answered
Your Score History
You have not taken this quiz